000 00521nam a22001697a 4500
999 _c8305
_d8305
008 201112b ||||| |||| 00| 0 eng d
040 _aBMS College of Architecture
100 _aRao,S Akshatha
245 _aWestern Ghats research center
300 _aNA
500 _a1BM15AT007
502 _8B,Arch
_NBMS College of Architecture, Visvesvaraya Technological University (VTU)
_aProject report
_d2019
650 _a research
700 _aShantesh Kelvekar
_eGuide
700 _aShannu Raina
_eGuide
942 _2ddc
_cTHE